Chemistry Jokes Quiz Stats

 Plays Quiz Updated Jul 14, 2018

Challenge
Share
Tweet
Embed
Score 0/28 Timer 08:00
13 Plays Today
% Correct
'Quark.'
89.3%
Bismuth
88.7%
The bartender says, 'no charge.'
87.4%
Periodically
87.1%
In chemistry you never lick the spoon.
86.7%
Ether bunny
86.6%
Guacamole
86.3%
Si
85.3%
But there was no chemistry.
84.2%
NO
83.2%
That's a salt
82.6%
Because they're cheaper than day rates.
81.8%
CSI
80.5%
Bohring
80.2%
% Correct
OMg!
78.3%
I've got my ion you.
77.6%
There was no reaction.
77.2%
They're elemental
76.3%
My friend said, 'Don't be so negative.'
74.5%
Precipitate
73.8%
Iron deficiency.
73.8%
Taken, not shared.
73.4%
But it's kind of corny.
71.9%
Pawsitive
71.9%
Febreeze
70.9%
An electron.
67.3%
Lanthanides
65.9%
Batman!
59.9%

You're not logged in!

Compare scores with friends on all Sporcle quizzes.
Join for Free
OR
Log In

You Might Also Like...

Show Comments

Extras

Top Quizzes Today


Score Distribution

Your Account Isn't Verified!

In order to create a playlist on Sporcle, you need to verify the email address you used during registration. Go to your Sporcle Settings to finish the process.

Report this User

Report this user for behavior that violates our Community Guidelines.

Details: